World disarmament : its problems and prospects /

Bibliographic Details
Main Author: Myers, Denys P. (Denys Peter), 1884-
Corporate Author: World Peace Foundation
Format: Book
Language:English
Published: Boston, Mass. : World peace foundation, 1932.
Subjects:

MARC

Tag First Indicator Second Indicator Subfields
LEADER 00000cam a2200000 4500
001 in00000056263
005 20151008052419.0
008 751124s1932 mau 00000 eng
010 |a  32014197  
035 |a (OCoLC)01850320 
035 |9 AAH3219AM 
040 |a DLC  |c TOL  |d TXA  |d UtOrBLW 
049 |a TXAM  |c [83783] 
050 0 0 |a JX1974  |b .M8 
092 |a 341.6  |b M996w 
100 1 |a Myers, Denys P.  |q (Denys Peter),  |d 1884- 
245 1 0 |a World disarmament :  |b its problems and prospects /  |c by Denys P. Myers. 
264 1 |a Boston, Mass. :  |b World peace foundation,  |c 1932. 
300 |a 5 preliminary leaves, 370 pages ;  |c 21 cm. 
336 |a text  |b txt  |2 rdacontent 
337 |a unmediated  |b n  |2 rdamedia 
338 |a volume  |b nc  |2 rdacarrier 
611 2 0 |a Conference for the Reduction and Limitation of Armaments  |d (1932- :  |c Geneva) 
650 0 |a Disarmament. 
710 2 |a World Peace Foundation. 
999 |a MARS 
999 f f |s fc3c043e-57d9-3ade-beb8-ddf09a5e2fcd  |i 39bbfcbc-0012-343a-930f-d01f4810dd9d  |t 0 
952 f f |p ric  |a Texas A&M University  |b Rellis Campus  |c Joint Library Facility  |d Remote Storage  |t 0  |e JX1974 .M8  |h Library of Congress classification  |i unmediated -- volume  |m A14800785005 
998 f f |a JX1974 .M8  |t 0  |l Remote Storage